000 00485nam a2200157 a 4500
001 000048034
005 20201002060857.0
008 181102s2017 dr a 000 spa d
020 _a9789993478775
040 _aDO-SdBNP
_bspa
_cBNPHU
100 _aTejeda Read, Ramón
_926904
245 0 _aMi breve historia de la lengua española. /
_cRamón Tejada Read.
260 _aSanto Domingo :
_bSoto Castillo,
_c2017.
300 _a223 p. :
_bil ;
_c24 cm.
590 _aInventariado , 2018 / DG
999 _c47522
_d47522